000 00361pab a2200133 454500
008 180718b1991 xxu||||| |||| 00| 0 eng d
100 _aMallick, Basanta Kumar
245 _aAmbedkar and his movement for social equality
260 _c1991
362 _a13 Apr.
650 _aAmbedkar, B.R. - Criticism And INterpretation
773 _aMainstream
909 _a3946
999 _c3946
_d3946